=LDR 00000nam 2200000 4500 =001 NUTBA000000000004647 =005 20250122085822 =035 ##$$a 0010-091400000000680 =008 250122################c##########0#ind## =020 ##$$a 979-9769-35-3 =040 ##$$a NBPDMAT =090 ##$$a 808.87 $b Asb a =100 ##$$a Asbak =245 1#$$a Asbak asal tebak /$c Om Asbak =250 ##$$a Cet.2 =260 ##$$a Jakarta :$b Spectrum,$c 2009 =300 ##$$a ii, 89 hlm : $b Ilus. ; $c 19 x 13 cm =500 ##$$a Yang diterima : Jil. 1,2 =650 #4$$a Humor =850 ##$$a NBPDMAT =082 ##$$a 808.87 =084 ##$$a 808.87 ASB a =990 ##$$a 21410112 =990 ##$$a 21410113 =990 ##$$a 21410114 =990 ##$$a 21410115 =990 ##$$a 21410116 =990 ##$$a 21410117 =990 ##$$a 21410118 =990 ##$$a 21410119 =990 ##$$a 21410120 =990 ##$$a 21410121 =990 ##$$a 0001/BPAP-NTB/20142015